| 000 | 00922cab a2200205 4500 | ||
|---|---|---|---|
| 001 | X1665 | ||
| 008 | 090401t1994 xxu||||| |||| 00| 0 eng d | ||
| 035 | _a(Sirsi) u18535 | ||
| 041 | _aeng | ||
| 245 | _aSamuels Finance Group plc v Beechmanor Limited (trading as Hurstwood Developments) and others | ||
| 260 | _c1994 | ||
| 350 | _a0 | ||
| 490 |
_aProperty and Compensation Reports _v(1994) 67 PCR 282-287(6) |
||
| 520 | _aCA 20 May 1993. Land law - 1988 legal charge over properties as security for loan - under clause 12(2) variation not to affect sureities liability - 1989 re-financing arrangement - claim for possession of properties charged - whether sureties bound - whether 1989 agreement amounted to variation or novation - whether Statute of Frauds applied. | ||
| 650 | _aLEGAL CHARGE | ||
| 650 | _aSTATUTE OF FRAUDS | ||
| 690 | _aPROPERTY LAW AND PRACTICE-CASE LAW | ||
| 942 | _n0 | ||
| 948 | _c04/03/1997 | ||
| 999 |
_c12326 _d12326 |
||